Самоучитель польского языка (Запис № 342100)

МАРК-запис
000 -Лідер
fixed length control field 00723nam a22002297a 4500
003 - Ідентифікатор контрольного номера
control field UA-OsUOA
001 - Контрольний номер
control field 56001
007 - Фіксоване поле фізичного опису
fixed length control field ta
008 - Елементи даних фіксованої довжини – загальна інформація
fixed length control field 20080925b un ||||| |||| 00| 0 ukr d
090 ## - Локальний шифр розміщення
Класифікаційний індекс УДК 811.162.1(075.8)
Авторський знак (НП) С17
040 ## - Джерело каталогізації
Агенція оригінальної каталогізації UA-OsUOA
Мова каталогізації rus
Агенція, яка здійснювала перезапис UA-OsUOA
Агенція, яка здійснювала модифікацію UA-OsUOA
041 ## - Код мови
Код мови тексту/ звукової доріжки чи окремого заголовка (П) rus
080 ## - Індекс Універсальної десяткової класифікації
Індекс Універсальної десяткової класифікації (УДК) (НП) 811.162.1(075.8)
020 ## - Міжнародний стандартний книжковий номер (ISBN)
Міжнародний стандартний книжковий номер (ISBN) (НП) 966-7269-55-8
245 ## - Відомості про назву
Назва (НП) Самоучитель польского языка
Решта назви (НП) Практический курс. Учебное пособие.
260 ## - Публікація, розповсюдження і т.п. (Вихідні дані)
Місце публікації, розповсюдження і т.п. (П) К.
Ім’я/ наймення видавництва, розповсюджувача і т.п. (П) Методика
Дата публікації, розповсюдження і т.п. (П) 2006
300 ## - Фізичний опис
Обсяг 240 с.
650 #7 - Додаткове предметне введення – тематичний термін
Тематичний термін чи географічна назва, як елемент введення (НП) 8 Мовознавство. Художня література. Літературознавство
Джерело заголовка чи терміна UDC
942 ## - Додаткові елементи входу (Коха)
Тип елемента Koha Книги
955 ## - Код типу видання за змістом
Код типу видання за змістом (НП) Навчальні видання
Фонди
Стан вилучень Стан втрат Джерело класифікації або схеми стелажів Стан уражень Не для кредиту Постійне місце розташування Поточне розміщення Дата придбання Джерело придбання Вартість, звичайна ціна покупки Інвентарний номер Усього замовленно Повний номер виклику Штрих-код Дата останнього перегляду Ціна ефективна від Тип елемента Koha Дата останньої перевірки
    Universal Decimal Classification     ЧЗ - Читальна зала ЧЗ - Читальна зала 25/09/2008 126/2008 105.90 116180   811.162.1(075.8) С17 116180 19/11/2021 25/09/2008 Книги  
Withdrawn   Universal Decimal Classification     ЧЗ - Читальна зала ЧЗ - Читальна зала 25/09/2008 126/2008 105.90 116181   811.162.1(075.8) С17 116181 13/07/2019 25/09/2008 Книги  
    Universal Decimal Classification     ЧЗ - Читальна зала ЧЗ - Читальна зала 25/09/2008 126/2008 105.90 116182   811.162.1(075.8) С17 116182 19/11/2021 25/09/2008 Книги  
    Universal Decimal Classification     ЧЗ - Читальна зала ЧЗ - Читальна зала 25/09/2008 126/2008 105.90 116183   811.162.1(075.8) С17 116183 19/11/2021 25/09/2008 Книги  
    Universal Decimal Classification     ЧЗ - Читальна зала ЧЗ - Читальна зала 25/09/2008 126/2008 105.90 116184   811.162.1(075.8) С17 116184 19/11/2021 25/09/2008 Книги  
    Universal Decimal Classification     ЧЗ - Читальна зала ЧЗ - Читальна зала 25/09/2008 126/2008 105.90 116185 1 811.162.1(075.8) С17 116185 19/11/2021 25/09/2008 Книги 17/10/2019
    Universal Decimal Classification     ЧЗ - Читальна зала ЧЗ - Читальна зала 25/09/2008 126/2008 105.90 116186   811.162.1(075.8) С17 116186 19/11/2021 25/09/2008 Книги  
    Universal Decimal Classification     ЧЗ - Читальна зала ЧЗ - Читальна зала 25/09/2008 126/2008 105.90 116187   811.162.1(075.8) С17 116187 19/11/2021 25/09/2008 Книги  
Withdrawn   Universal Decimal Classification     ЧЗ - Читальна зала ЧЗ - Читальна зала 25/09/2008 126/2008 105.90 116188   811.162.1(075.8) С17 116188 13/07/2019 25/09/2008 Книги  
    Universal Decimal Classification     ЧЗ - Читальна зала ЧЗ - Читальна зала 25/09/2008 126/2008 105.90 116189   811.162.1(075.8) С17 116189 19/11/2021 25/09/2008 Книги